Statistics for Guess the portuguese city/town by picture 8

Click here to take the quiz!

General Stats

  • This quiz has been taken 4 times
    (2 since last reset)
  • The average score is 11 of 28

Answer Stats

Answer% Correct
Monsaraz
100%
Aljubarrota
50%
Alvor
50%
Apúlia
50%
Avis
50%
Bombarral
50%
Bragança
50%
Cabanas de Tavira
50%
Caniçal
50%
Comporta
50%
Ferreira do Alentejo
50%
Fuseta
50%
Luz - Lagos
50%
Mira de Aire
50%
Monte Gordo
50%
Monte Real
50%
Redondo
50%
Rio Maior
50%
São Martinho do Porto
50%
Sortelha
50%
Valpaços
50%
Aljezur
0%
Aljustrel
0%
Barrancos
0%
Belver
0%
Favaios
0%
Montemor-o-Novo
0%
Mourão
0%

Score Distribution

Percentile by Number Answered

Percent of People with Each Score

Your Score History

You have not taken this quiz since the last reset